| 000 | 00884cam a2200289 i 4500 | ||
|---|---|---|---|
| 001 | 53065 | ||
| 003 | Mx-PuUPA | ||
| 005 | 20250620101133.0 | ||
| 008 | 140415s1982 sp gr 000 0 spa d | ||
| 020 | _a8425412099 | ||
| 040 |
_aMx-PuUPA _bspa _cMx-PuUPA _dMx-PuUPA _erda |
||
| 041 | 0 | _aspa | |
| 100 | 1 |
_aBertrán Quera, Miguel, _93814 _eautor |
|
| 245 | 1 | 0 |
_aEscuela de padres / _cMiguel Bertrán Quera |
| 264 | 1 |
_aBarcelona : _bEditorial Herder, _c1982 |
|
| 300 |
_a141 páginas ; _c20 cm |
||
| 336 |
_2rdacontent _atexto _btxt |
||
| 337 |
_2rdamedia _asin medio _bn |
||
| 338 |
_2rdacarrier _avolumen _bnc |
||
| 650 | 7 |
_2armarc _aEducación de niños |
|
| 650 | 7 |
_2armarc _aEducación en familia |
|
| 650 | 7 |
_2armarc _aFamilia y escuela |
|
| 650 | 7 |
_2armarc _aPadres e hijos |
|
| 942 |
_2ddc _cLI _h649.6 _iB48 |
||
| 999 |
_c53065 _d53065 |
||